LEADER 01164nam a2200229 a 4500 001 000000035041 003 CaOOAMICUS 005 20140701123621.0 008 980217s1910 it u000 u ita r 035 $a10783021 040 $aPUL(R)$bita 100 1 $aDe Cesare, Giuseppe.$0(OLS)http://pul/name/26914 245 10$aLezioni di dritto [!] pubblico ecclesiastico riguardanti le odierne quistioni intorno alla Chiesa secondo il pensiero di Leone XIII e di Pio X /$cGiuseppe De Cesare. 260 $aNapoli :$btip. e libreria pontificia A. e Salv. Festa,$c1910. 300 $a328 p. ;$c20 cm 650 4$aDiritto pubblico ecclesiastico.$0(OLS)http://pul/subject/1804 850 $aPUL 852 $aPUL$W1$xDP2 Diritto Canonico 1$y64$m147 D 15$j47988$nBK-PRI$qStampati$B47988$CPULBib$Z2$F47988 $H1085 $82 941 1 $a8 961 $aINV: 1085 996 $6245$aLezioni di dritto [!] pubblico ecclesiastico riguardanti le odierne quistioni intorno alla Chiesa secondo il pensiero di Leone XIII e di Pio X$9(OLS)http://pul/title/48239 996 $6260$aNapoli :$btip. e libreria pontificia A. e Salv. Festa$9(OLS)http://pul/publisher/62313 LEADER 01434namaa2200337 i 4500 001 000000178175 003 CaOOAMICUS 005 20251031123449.0 007 tu 008 251031s2025 it 000 u ita r 040 $aPUL$bita$erda 082 0 $a261.8092 245 10$aLuigi Sturzo nell'Italia del secondo dopoguerra /$ca cura di Nicola Antonetti e Francesco Malgeri. 264 4$c©2025. 264 1$aSoveria Mannelli :$bRubbettino,$c[2025] 300 $a305 pagine ;$c22 cm 336 $atesto$btxt$2rdacontent 337 $asenza mediazione$bn$2rdamedia 338 $avolume$bnc$2rdacarrier 504 $aBibliografia in nota a pič pagina. 600 14$aSturzo, Luigi,$csac.,$d1871-1959$xPensiero politico e sociale.$0(OLS)http://pul/subject/5647 700 1 $aAntonetti, Nicola,$d1945-,$ecuratore.$0(OLS)http://pul/name/7195 700 1 $aMalgeri, Francesco,$d1934-,$ecuratore.$0(OLS)http://pul/name/5533 850 $aPUL 852 $aPUL$W1$xSL Religione 3$y85$m261.8 ANTNI 1$j202045$qDDC 21$B207262$CPULBib$Z2$F207262 $H138213 $82 941 1 $a9 996 $6082$a261.8092$9(OLS)http://pul/classification/2323 996 $6245$aLuigi Sturzo nell'Italia del secondo dopoguerra$9(OLS)http://pul/title/219739 996 $6264$aSoveria Mannelli :$bRubbettino$9(OLS)http://pul/publisher/51639 996 $6264$a[S.l.] :$b[s.n.]$9(OLS)http://pul/publisher/0